|
|
|
|
| LEADER |
01730nam a2200421 i 4500 |
| 001 |
EBC4983690 |
| 003 |
MiAaPQ |
| 005 |
20200520144314.0 |
| 006 |
m o d | |
| 007 |
cr cnu|||||||| |
| 008 |
170918t20182018qeaa ob 001 0 eng d |
| 020 |
|
|
|z 9780730345046
|
| 020 |
|
|
|a 9780730345053
|q (electronic bk.)
|
| 035 |
|
|
|a (MiAaPQ)EBC4983690
|
| 035 |
|
|
|a (Au-PeEL)EBL4983690
|
| 035 |
|
|
|a (CaPaEBR)ebr11428601
|
| 035 |
|
|
|a (OCoLC)1002694719
|
| 040 |
|
|
|a MiAaPQ
|b eng
|e rda
|e pn
|c MiAaPQ
|d MiAaPQ
|
| 050 |
|
4 |
|a CB161
|b .R936 2018
|
| 082 |
0 |
|
|a 303.49
|2 23
|
| 100 |
1 |
|
|a Ryan, Tony,
|e author.
|
| 245 |
1 |
4 |
|a The next generation :
|b preparing today's kids for an extraordinary future /
|c Tony Ryan.
|
| 264 |
|
1 |
|a Milton, Queensland :
|b Wiley,
|c 2018.
|
| 264 |
|
4 |
|c 2018
|
| 300 |
|
|
|a 1 online resource (190 pages) :
|b illustrations
|
| 336 |
|
|
|a text
|2 rdacontent
|
| 337 |
|
|
|a computer
|2 rdamedia
|
| 338 |
|
|
|a online resource
|2 rdacarrier
|
| 504 |
|
|
|a Includes bibliographical references and index.
|
| 588 |
|
|
|a Description based on online resource; title from PDF title page (ebrary, viewed September 18, 2017).
|
| 590 |
|
|
|a Electronic reproduction. Ann Arbor, MI : ProQuest, 2016. Available via World Wide Web. Access may be limited to ProQuest affiliated libraries.
|
| 650 |
|
0 |
|a Future, The.
|
| 650 |
|
0 |
|a Social prediction.
|
| 650 |
|
0 |
|a Economic forecasting.
|
| 655 |
|
4 |
|a Electronic books.
|
| 776 |
0 |
8 |
|i Print version:
|a Ryan, Tony.
|t Next generation : preparing today's kids for an extraordinary future.
|d Milton, Queensland : Wiley, c2018
|h xviii, 189 pages
|z 9780730345046
|
| 797 |
2 |
|
|a ProQuest (Firm)
|
| 856 |
4 |
0 |
|u https://ebookcentral.proquest.com/lib/matrademy/detail.action?docID=4983690
|z Click to View
|